Fausto

Furkejuvvon:
Bibliográfalaš dieđut
Váldodahkki: Goethe, Johann Wolfgang von, 1749-1832 (autor)
Materiálatiipa: Girji
Giella:espánnjágiella
Almmustuhtton: Barcelona Sol 90 2002
Preanttus:1a. ed
Ráidu:Biblioteca de Literatura Universal, 9
Fáttát:
Fáddágilkorat: Lasit fáddágilkoriid
Eai fáddágilkorat, Lasit vuosttaš fáddágilkora!

MARC

LEADER 00000nam a2200000 a 4500
001 UCG0126
003 CL-VaPUC
008 100312e20020000SP |||||||||||||||||spa|d
020 |a 849559417X 
082 0 4 |a 832  |b GOE  |2 21 
100 |a Goethe, Johann Wolfgang von,  |d 1749-1832  |e autor  |9 265453 
245 1 0 |a Fausto 
250 |a 1a. ed 
300 |a 202 p 
942 |c BK 
945 |d 20100312 00:00:00  |a cmena 
260 |a Barcelona  |b Sol 90  |c 2002 
650 0 |a Dramas alemanes   |9 266681 
650 0 |a Literatura alemana   |9 265457 
583 |a last modification  |c 20121105 03:41:38  |k Rodrigo Vera 
490 0 |a Biblioteca de Literatura Universal, 9 
999 |c 339873  |d 339871